| 000 | 00428 a2200157 4500 | ||
|---|---|---|---|
| 003 | OSt | ||
| 005 | 20231106122756.0 | ||
| 008 | 231106b |||||||| |||| 00| 0 eng d | ||
| 020 | _a9788194579496 | ||
| 040 | _coclc | ||
| 082 |
_a920 _bSAG/V |
||
| 100 |
_aSagar, Shareef _99834 |
||
| 245 | _aVARIYAMKUNNATH KUNJAHAMMED HAJI/ SHAREEF SAGAR | ||
| 300 | _a161 p | ||
| 942 |
_2ddc _cBK _h920 _iSAG/V _k920 _mSAG/V |
||
| 999 |
_c42811 _d42811 |
||